[Event "XXV Miedzynarodowy Festiwal Szachowy w Poznaniu - OPEN A"]
[Site "Poznan"]
[Date "2017-08-27"]
[Round "9.28"]
[White "Polak, Karol"]
[Black "Wilk, Oktawia"]
[Result "0-1"]
[WhiteTitle "II+"]
[BlackTitle "I++"]
[WhiteElo "1581"]
[BlackElo "1848"]

1. e4 e6 2. Nf3 d5 3. exd5 exd5 4. d4 Bd6 5. Nc3 c6 6. Bd3 Bg4 7. Qe2+ Qe7 8. Qxe7+
Nxe7 9. Bg5 f6 10. Bh4 Nf5 11. Bxf5 Bxf5 12. O-O-O Bf4+ 13. Kb1 Nd7 14. Rde1+
Kf7 15. Bg3 Bxg3 16. hxg3 g5 17. Nh2 Rae8 18. Kc1 Nb6 19. b3 Nc8 20. g4 Bg6 21.
f4 gxf4 22. Ne2 Re4 23. Rhf1 Rhe8 24. Kd2 Nd6 25. c3 Nb5 26. a4 Nd6 27. Nxf4 Rxe1
28. Rxe1 Rxe1 29. Kxe1 Bc2 30. b4 Bxa4 31. Nd3 Bb5 32. Kd2 Ne4+ 33. Kc2 b6 34.
Nf4 Nf2 35. Kd2 a5 36. bxa5 bxa5 37. Kc2 Ba4+ 38. Kb2 Nd1+ 39. Ka3 Nxc3 40. Ne2
Nxe2 41. Kxa4 Nxd4 42. Kxa5 c5 43. Nf1 Nc2 44. Ka4 c4 0-1

[Event "XXV Miedzynarodowy Festiwal Szachowy w Poznaniu - OPEN A"]
[Site "Poznan"]
[Date "2017-08-27"]
[Round "9.29"]
[White "Szymanski, Zbigniew"]
[Black "Walkowski, Jonasz"]
[Result "1/2-1/2"]
[WhiteTitle "I"]
[BlackTitle "II"]
[WhiteElo "1844"]
[BlackElo "1496"]

1. d4 d5 2. Nf3 Nf6 3. e3 c6 4. c4 Bf5 5. Nc3 e6 6. Bd3 Bxd3 7. Qxd3 Bd6 8. O-O
Nbd7 9. e4 dxe4 10. Nxe4 Nxe4 11. Qxe4 Nf6 12. Qe2 O-O 13. Bg5 Be7 14. Rfd1 Re8
15. Ne5 Nd7 16. Bxe7 Qxe7 17. Rd3 Nf6 18. Rad1 Rad8 19. Ra3 a6 20. Rg3 Qc7 21.
Qf3 Kf8 22. Qf4 Re7 23. Qg5 Ne8 24. Qh5 f6 25. Ng4 Qf4 26. h3 Rxd4 27. Rxd4 Qxd4
28. Qxh7 Qf4 29. Qh8+ Kf7 30. Qh5+ Kf8 1/2-1/2

[Event "XXV Miedzynarodowy Festiwal Szachowy w Poznaniu - OPEN A"]
[Site "Poznan"]
[Date "2017-08-27"]
[Round "9.30"]
[White "Huchwajda, Katarzyna"]
[Black "Nicikowski, Jozef"]
[Result "1-0"]
[WhiteTitle "I++"]
[BlackTitle "II"]
[WhiteElo "1779"]
[BlackElo "1490"]

1. e4 d5 2. exd5 Nf6 3. d4 Nxd5 4. Nf3 Bg4 5. Be2 e6 6. O-O Be7 7. c4 Nb6 8. b3
Bf6 9. Bb2 c5 10. Ne5 Bxe2 11. Qxe2 cxd4 12. Qe4 N8d7 13. Bxd4 Qc7 14. Nxd7 Nxd7
15. Bxf6 Nxf6 16. Qe2 O-O 17. Nc3 Qa5 18. Qc2 Rfd8 19. Rfd1 Qe5 20. h3 h6 21.
Re1 Qf4 22. Rad1 g5 23. Ne2 Qh4 24. Ng3 Qf4 25. Qc3 h5 26. Ne2 Qf5 27. Nd4 Qg6
28. Qb4 g4 29. h4 g3 30. f3 Rd7 31. Ne2 Rad8 32. Rxd7 Rxd7 33. Qc5 b6 34. Qg5
Qxg5 35. hxg5 Nh7 36. Nxg3 h4 37. Ne4 Kg7 38. f4 Kg6 39. Kf2 Kf5 40. Ke3 e5 41.
Rf1 Rd4 42. fxe5+ Kxe5 43. Nf2 Rd7 44. Nd3+ Ke6 45. Rf4 h3 46. gxh3 Nxg5 47. h4
Nh7 48. b4 f5 49. Rd4 Rg7 50. Nf4+ Ke7 51. Kf3 Nf8 52. Rd5 Ne6 53. Re5 Rg6 54.
Nxg6+ Kf6 55. h5 f4 56. Rxe6+ Kxe6 57. h6 Kf6 58. h7 1-0

[Event "XXV Miedzynarodowy Festiwal Szachowy w Poznaniu - OPEN A"]
[Site "Poznan"]
[Date "2017-08-27"]
[Round "9.31"]
[White "Kwiatkowski, Jacek"]
[Black "Lascar, Radoslawa"]
[Result "1-0"]
[WhiteTitle "I+"]
[BlackTitle "I+"]
[WhiteElo "1751"]
[BlackElo "1778"]

1. d4 f5 2. Nf3 g6 3. Bf4 Bg7 4. e3 d6 5. c3 e6 6. Nbd2 Nf6 7. h3 Nbd7 8. Be2 O-O
9. O-O Qe7 10. Qb3 Kh8 11. a4 e5 12. Bh2 h6 13. a5 c6 14. Nc4 Ne4 15. Rad1 Re8
16. Rfe1 Kh7 17. Qc2 Ng5 18. b4 Nf7 19. Rb1 e4 20. Nfd2 d5 21. Na3 b5 22. Nxb5
cxb5 23. Bxb5 Qf6 24. Qa4 a6 25. Bxd7 Bxd7 26. Qxd7 Red8 27. Qa4 Rac8 28. Rec1
Qe6 29. Nb3 Bf8 30. Nc5 Qf6 31. Rc2 g5 32. Nd7 Rxd7 33. Qxd7 Rd8 34. Qc7 Kg8 35.
b5 axb5 36. Rxb5 f4 37. exf4 e3 38. Re2 exf2+ 39. Rxf2 Bd6 40. fxg5 Bxh2+ 41.
Qxh2 Qxg5 42. Qf4 Qe7 43. Rb8 Rxb8 44. Qxb8+ Kg7 45. Qg3+ Kf8 46. Qf3 1-0

[Event "XXV Miedzynarodowy Festiwal Szachowy w Poznaniu - OPEN A"]
[Site "Poznan"]
[Date "2017-08-27"]
[Round "9.32"]
[White "Lisiecki, Robert"]
[Black "Zurawski, Mateusz"]
[Result "0-1"]
[WhiteTitle "I"]
[BlackTitle "II"]
[WhiteElo "1772"]
[BlackElo "1328"]

1. e4 e6 2. d4 d5 3. Bd3 Nf6 4. e5 Nfd7 5. c3 c5 6. f4 Nc6 7. Ne2 Qb6 8. Bc2 Be7
9. O-O O-O 10. f5 exf5 11. Bxf5 cxd4 12. Nxd4 Nxd4 13. cxd4 Nxe5 14. Nc3 Bxf5
15. Nxd5 Qd8 16. Nxe7+ Qxe7 17. Rxf5 Ng6 18. Qg4 Qh4 19. Qxh4 Nxh4 20. Rc5 Rac8
21. Be3 Rxc5 22. dxc5 Nf5 23. Bf2 Rc8 24. Rd1 g6 25. Rd7 b6 26. b4 a5 27. g4 bxc5
28. gxf5 axb4 29. fxg6 hxg6 30. Kf1 c4 31. Ke1 b3 32. axb3 cxb3 33. Rb7 Rc1+ 34.
Kd2 Rc2+ 35. Ke1 b2 36. Bd4 Rc1+ 37. Ke2 b1=Q 38. Rxb1 Rxb1 39. Be5 Rb5 40. Bd6
f5 41. h4 Kg7 42. Be7 Re5+ 0-1

[Event "XXV Miedzynarodowy Festiwal Szachowy w Poznaniu - OPEN A"]
[Site "Poznan"]
[Date "2017-08-27"]
[Round "9.33"]
[White "Korpalska, Joanna"]
[Black "Lesien, Przemyslaw"]
[Result "1-0"]
[WhiteTitle "I++"]
[BlackTitle "I"]
[WhiteElo "1733"]
[BlackElo "1763"]

1. e4 c5 2. Nf3 a6 3. d4 cxd4 4. Nxd4 Nf6 5. Nc3 e5 6. Nb3 Bb4 7. Qf3 d5 8. exd5
Qxd5 9. Qe3 Qe4 10. Bd2 Qxe3+ 11. fxe3 Bf5 12. O-O-O Nc6 13. a3 Be7 14. Bc4 O-O
15. Rhf1 Bg4 16. Rde1 Rfd8 17. h3 Bh5 18. e4 b5 19. Bd5 Rac8 20. Be3 b4 21. axb4
Nxb4 22. Rf5 Bg6 23. Rxe5 Bd6 24. Rg5 h6 25. Rxg6 Nfxd5 26. Rxd6 Rxd6 27. exd5
Rg6 28. Re2 Re8 29. g4 f5 30. gxf5 Rg3 31. Bc5 Rxe2 32. Nxe2 Rg2 33. Bxb4 Rxe2
34. d6 Re5 35. c4 Rxf5 36. d7 Rf1+ 37. Kd2 Rf2+ 38. Ke3 1-0

[Event "XXV Miedzynarodowy Festiwal Szachowy w Poznaniu - OPEN A"]
[Site "Poznan"]
[Date "2017-08-27"]
[Round "9.34"]
[White "Wojciechowski, Antoni"]
[Black "Pawlowski, Rafal"]
[Result "0-1"]
[WhiteTitle "II+"]
[BlackTitle "I"]
[WhiteElo "1581"]
[BlackElo "1752"]

1. Nf3 d5 2. g3 Nf6 3. Bg2 c6 4. O-O Bf5 5. d4 h6 6. Nbd2 e6 7. Re1 Be7 8. Ne5
Nbd7 9. Nxd7 Qxd7 10. e4 Nxe4 11. Nxe4 Bxe4 12. Bxe4 dxe4 13. Rxe4 h5 14. c3 h4
15. Qg4 hxg3 16. fxg3 Rh7 17. Re5 O-O-O 18. Rh5 Rdh8 19. Rxh7 Rxh7 20. Bg5 Bxg5
21. Qxg5 Qd5 22. Qxd5 cxd5 23. Rf1 f6 24. Kg2 Kd7 25. g4 Rh8 26. g5 Ke7 27. gxf6+
gxf6 28. Rh1 e5 29. dxe5 fxe5 30. h4 Ke6 31. Kg3 b5 32. b4 Rc8 33. h5 Rxc3+ 34.
Kg4 Rc8 35. h6 d4 36. h7 Rh8 37. Kg5 d3 38. Kg6 e4 39. Rd1 Ke5 40. Kg7 Rxh7+ 41.
Kxh7 Kd4 42. Kg6 e3 43. Kf5 e2 0-1

[Event "XXV Miedzynarodowy Festiwal Szachowy w Poznaniu - OPEN A"]
[Site "Poznan"]
[Date "2017-08-27"]
[Round "9.35"]
[White "Kaluzny, Jan"]
[Black "Litke, Slawomir"]
[Result "0-1"]
[WhiteTitle "II"]
[BlackTitle "II+"]
[WhiteElo "1350"]
[BlackElo "1730"]

1. e4 e5 2. Nf3 d6 3. Nc3 Nf6 4. d4 Nbd7 5. dxe5 dxe5 6. a3 Be7 7. Be2 O-O 8. O-O
c6 9. h3 Qc7 10. Be3 Rd8 11. Bd3 Nc5 12. Bxc5 Bxc5 13. Qe2 h6 14. Rad1 Be6 15.
Bc4 Bxc4 16. Qxc4 Qe7 17. Qe2 b5 18. Rxd8+ Rxd8 19. Rd1 Bd4 20. Nxd4 exd4 21.
Qd3 a6 22. f3 Qc5 23. Ne2 Qa7 24. c4 Rb8 25. b3 Qb6 26. Nf4 bxc4 27. bxc4 Qb2
28. Rd2 Qc1+ 29. Kh2 Rb1 30. Rc2 Qxf4+ 31. g3 Qb8 32. f4 Qb3 33. Qxb3 Rxb3 34.
Ra2 Nxe4 35. g4 d3 36. Kg2 d2 37. Ra1 0-1

[Event "XXV Miedzynarodowy Festiwal Szachowy w Poznaniu - OPEN A"]
[Site "Poznan"]
[Date "2017-08-27"]
[Round "9.36"]
[White "Zielinski, Tomasz"]
[Black "Stochnialek, Dominika"]
[Result "0-1"]
[WhiteTitle "II"]
[BlackTitle "I"]
[WhiteElo "1215"]
[BlackElo "1719"]

1. e4 e5 2. Nf3 Nc6 3. Bc4 Nf6 4. Ng5 Bc5 5. Nxf7 Qe7 6. Nxh8 Bxf2+ 7. Kf1 d5 8.
exd5 Nd4 9. c3 Bg4 10. Qa4+ Nd7 11. Kxf2 Qh4+ 12. Kf1 O-O-O 13. g3 Bh3+ 14. Kf2
Rf8+ 15. Kg1 Qe4 16. Qxd7+ Kxd7 17. Bb5+ Nxb5 18. d3 Qg2# 0-1

[Event "XXV Miedzynarodowy Festiwal Szachowy w Poznaniu - OPEN A"]
[Site "Poznan"]
[Date "2017-08-27"]
[Round "9.37"]
[White "Kupsik, Joanna"]
[Black "Szafranski, Piotr"]
[Result "1-0"]
[WhiteTitle "I"]
[BlackTitle "II+"]
[WhiteElo "1703"]
[BlackElo "1545"]

1. e4 d5 2. exd5 Qxd5 3. Nf3 Nf6 4. d4 c6 5. c4 Qa5+ 6. Bd2 Qc7 7. Bd3 Bg4 8. O-O
e6 9. Nc3 Be7 10. Ne4 Nbd7 11. Ng3 O-O 12. Re1 c5 13. d5 Nb6 14. dxe6 Bxe6 15.
Qc2 h6 16. b3 Rfe8 17. Bg6 Bd6 18. Bf5 Qd7 19. Bxe6 Rxe6 20. Rxe6 Qxe6 21. Re1
Qd7 22. Bc3 Bxg3 23. hxg3 Re8 24. Rxe8+ Qxe8 25. Bxf6 gxf6 26. Kf1 Nd7 27. Qe2
Ne5 28. Nd2 Qd8 29. Ne4 Nd3 30. Qg4+ Kh8 31. Qh5 Kg7 32. Qd5 Qxd5 33. cxd5 Nb4
34. d6 b6 35. g4 Kg6 36. d7 Nc6 37. Nd6 Nd8 38. Ke2 Kg7 39. Nc8 Kf8 40. Nxa7 Ke7
41. Nc8+ Kxd7 42. Nxb6+ Kc6 43. Nc4 Ne6 44. Ke3 Kd5 45. g3 Nd4 46. Kf4 Ke6 47.
Nd2 Ne2+ 48. Ke3 Nd4 49. Ke4 f5+ 50. gxf5+ Nxf5 51. a4 Nd6+ 52. Kd3 f5 53. Nc4
Ne4 54. Ke3 Nc3 55. a5 Nd5+ 56. Kf3 Nb4 57. g4 fxg4+ 58. Kxg4 Kd5 59. f4 Ke4 60.
f5 Kd5 1-0

[Event "XXV Miedzynarodowy Festiwal Szachowy w Poznaniu - OPEN A"]
[Site "Poznan"]
[Date "2017-08-27"]
[Round "9.38"]
[White "Czarnolewski, Piotr"]
[Black "Tadych, Szymon"]
[Result "1-0"]
[WhiteTitle "I"]
[BlackTitle "II"]
[WhiteElo "1677"]
[BlackElo "1501"]

1. e4 d6 2. Nf3 Nf6 3. d3 g6 4. g3 Bg7 5. Bg2 O-O 6. O-O c6 7. Nbd2 Qc7 8. a4 e5
9. a5 Be6 10. Re1 Nbd7 11. h3 Ne8 12. Ng5 b6 13. Nxe6 fxe6 14. Qg4 Nc5 15. b4
Nf6 16. Qe2 Ncd7 17. Nc4 b5 18. Ne3 d5 19. Ng4 d4 20. Bd2 Nxg4 21. Qxg4 Rae8 22.
Rac1 Qd6 23. c4 Rf7 24. cxb5 cxb5 25. Qd1 Nb8 26. Qc2 Ree7 27. Qc5 Qa6 28. Qc8+
Rf8 29. Qxa6 Nxa6 30. Rc6 Nb8 31. Rc5 a6 32. Rec1 Ref7 33. f3 h5 34. h4 Kh8 35.
Kf2 Kg8 36. Ke2 Re8 37. Bh3 Ree7 38. Bg5 Re8 39. Rc7 Rxc7 40. Rxc7 Bf8 41. Bd2
Bd6 42. Rb7 Re7 43. Rb6 Bc7 44. Rxe6 Rxe6 45. Bxe6+ Kg7 46. Bd5 Bd6 47. g4 hxg4
48. fxg4 Bc7 49. g5 Bd6 50. Kf3 Nd7 51. Kg4 Be7 52. h5 Bd6 53. Bb7 Nb8 54. Bc8
Nc6 55. Bxa6 Nxb4 56. Bxb5 Nc2 57. a6 gxh5+ 58. Kxh5 Bc5 59. Ba5 Ne3 60. Bc7 Kh7
1-0

[Event "XXV Miedzynarodowy Festiwal Szachowy w Poznaniu - OPEN A"]
[Site "Poznan"]
[Date "2017-08-27"]
[Round "9.39"]
[White "Huchwajda, Grzegorz"]
[Black "Kukorowski, Jan"]
[Result "0-1"]
[WhiteTitle "II+"]
[BlackTitle "I"]
[WhiteElo "1566"]
[BlackElo "1670"]

1. e4 e6 2. d4 d5 3. exd5 exd5 4. Nf3 Bd6 5. c4 Nf6 6. Bd3 O-O 7. O-O Bg4 8. h3
Bh5 9. Nc3 c6 10. c5 Bc7 11. Bg5 Nbd7 12. Re1 b6 13. b4 a5 14. b5 bxc5 15. dxc5
Nxc5 16. bxc6 Qd6 17. g3 d4 18. Nb5 Qxc6 19. Nbxd4 Qd7 20. Bf5 Bxf3 21. Qxf3 Qxd4
22. Red1 Qe5 23. Re1 Qd5 24. Qxd5 Nxd5 25. Rec1 Bb6 26. Rd1 Ne6 27. Bh4 Nc3 28.
Rd6 Bc5 29. Rc6 Bd4 30. Kf1 g5 31. Bxe6 fxe6 32. Bxg5 Rxf2+ 33. Ke1 Re2+ 34. Kf1
Rf8+ 35. Bf4 e5 36. Rc1 exf4 37. R1xc3 Rf2+ 38. Ke1 Re8+ 0-1

[Event "XXV Miedzynarodowy Festiwal Szachowy w Poznaniu - OPEN A"]
[Site "Poznan"]
[Date "2017-08-27"]
[Round "9.40"]
[White "Zurawski, Kamil"]
[Black "Kaluzny, Stanislaw"]
[Result "1-0"]
[WhiteTitle "I"]
[BlackTitle "II"]
[WhiteElo "1665"]
[BlackElo "1361"]

1. e4 c5 2. Nc3 e6 3. f4 Nc6 4. Bb5 a6 5. Bxc6 bxc6 6. Nf3 Bb7 7. d3 d5 8. e5 Ne7
9. O-O Qc7 10. Na4 Nf5 11. c4 Be7 12. Qe1 Rd8 13. Be3 Nxe3 14. Qxe3 Qa5 15. b3
O-O 16. Kh1 Qb4 17. g4 Bc8 18. Rf2 d4 19. Qe4 Bd7 20. Rg1 Rc8 21. Rg3 Qa5 22.
f5 exf5 23. gxf5 f6 24. Rfg2 fxe5 25. Rxg7+ Kh8 26. f6 Bxf6 27. Qxh7# 1-0

[Event "XXV Miedzynarodowy Festiwal Szachowy w Poznaniu - OPEN A"]
[Site "Poznan"]
[Date "2017-08-27"]
[Round "9.42"]
[White "Wolniaczyk, Daria"]
[Black "Geselle , Roman"]
[Result "1-0"]
[WhiteTitle "I"]
[BlackTitle ""]
[WhiteElo "1629"]
[BlackElo "1429"]

1. e4 Nf6 2. e5 Nd5 3. d4 Nc6 4. c4 Nb6 5. Nc3 d6 6. exd6 exd6 7. h3 Be7 8. Nf3
O-O 9. Bd3 Bf6 10. Be3 Re8 11. O-O Ne7 12. Qc2 Ng6 13. Rfe1 Be6 14. Ne2 c6 15.
Ng3 Be7 16. a4 a5 17. Re2 d5 18. c5 Nd7 19. Rc1 Rf8 20. Bd2 Qc7 21. Ng5 Bxg5 22.
Bxg5 h6 23. Bxg6 hxg5 24. Bf5 Bxf5 25. Qxf5 Qf4 26. Qxf4 gxf4 27. Nh5 Rfe8 28.
Rce1 Rxe2 29. Rxe2 Kf8 30. Nxf4 Nf6 31. f3 Re8 32. Kf2 Rxe2+ 33. Kxe2 Ke7 34.
g4 Nh7 35. h4 Kf6 36. Nd3 Nf8 37. f4 Ne6 38. Ke3 g6 39. b4 axb4 40. Nxb4 Ke7 41.
a5 Ng7 42. a6 bxa6 43. Nxc6+ Ke6 44. Kf3 f5 45. g5 Ne8 46. Ke3 Nc7 47. Ne5 a5
48. Nxg6 a4 49. Kd3 Nb5 50. h5 Kf7 51. Ne5+ Kg7 52. Kc2 a3 53. Kb3 Nxd4+ 54. Kxa3
Ne6 55. c6 d4 56. Kb4 Kh7 57. Kc4 Kg7 58. Kd5 1-0

[Event "XXV Miedzynarodowy Festiwal Szachowy w Poznaniu - OPEN A"]
[Site "Poznan"]
[Date "2017-08-27"]
[Round "9.43"]
[White "Grochowski, Michal"]
[Black "Szafranski, Maciej"]
[Result "1/2-1/2"]
[WhiteTitle "II+"]
[BlackTitle "II"]
[WhiteElo "1616"]
[BlackElo "1439"]

1. e4 d5 2. exd5 Qxd5 3. Nc3 Qa5 4. d4 Nf6 5. Nf3 e6 6. Bd2 c6 7. Ne4 Qc7 8. Nxf6+
gxf6 9. Bd3 Bd6 10. Qe2 Nd7 11. O-O-O Bf4 12. Kb1 Bxd2 13. Qxd2 Nb6 14. c4 Bd7
15. Rhe1 O-O-O 16. Qh6 f5 17. Qe3 Kb8 18. g3 Bc8 19. h4 h5 20. Ne5 Ka8 1/2-1/2

[Event "XXV Miedzynarodowy Festiwal Szachowy w Poznaniu - OPEN A"]
[Site "Poznan"]
[Date "2017-08-27"]
[Round "9.44"]
[White "Hoffmann, Kacper"]
[Black "Mozdzanowski, Filip"]
[Result "1/2-1/2"]
[WhiteTitle "II"]
[BlackTitle "II"]
[WhiteElo "1588"]
[BlackElo "1329"]

1. d4 Nf6 2. Nf3 g6 3. Bg5 Bg7 4. e3 h6 5. Bh4 d6 6. h3 Nbd7 7. Bg3 c5 8. c3 O-O
9. Bd3 a6 10. a4 Qa5 11. Nbd2 cxd4 12. exd4 Re8 13. Nc4 Qc7 14. O-O Nh5 15. Bh2
Nb6 16. Nxb6 Qxb6 17. Qc2 Be6 18. a5 Qc7 19. Rfe1 Bc4 20. Re3 Bxd3 21. Qxd3 Nf6
22. Ra4 Rac8 23. Nd2 Qd7 24. Rc4 Rxc4 25. Nxc4 Qb5 26. b4 Nd5 27. Rf3 Rc8 28.
Nb6 Qxd3 29. Rxd3 Nxb6 30. axb6 Rc6 31. Re3 Kf8 32. Kf1 Rxb6 33. Ke2 Rc6 34. f3
Ke8 35. Kd3 b5 36. Re2 Kd7 37. Bg3 Bf6 38. Bh2 Bg7 39. Bg3 f6 40. Ra2 d5 41. Re2
Re6 42. Ra2 Ke8 43. Rf2 h5 44. Ra2 Bh6 45. Bf2 Kf7 46. Rb2 Bf4 47. Ra2 g5 48.
Ra1 h4 49. Rh1 Kg6 50. Rf1 f5 51. Rh1 Kh5 52. Rf1 Bg3 1/2-1/2

[Event "XXV Miedzynarodowy Festiwal Szachowy w Poznaniu - OPEN A"]
[Site "Poznan"]
[Date "2017-08-27"]
[Round "9.45"]
[White "Wojdak, Karol"]
[Black "Wasiak, Stanislaw"]
[Result "1-0"]
[WhiteTitle "II"]
[BlackTitle "I"]
[WhiteElo "1372"]
[BlackElo "1551"]

1. e4 e6 2. Nf3 d5 3. Nc3 Nf6 4. exd5 exd5 5. d4 c5 6. Bg5 h6 7. Bh4 Nc6 8. Bb5
Bd7 9. O-O Be7 10. dxc5 Bxc5 11. Re1+ Kf8 12. Nxd5 g5 13. Nxf6 Qxf6 14. Bg3 Bg4
15. Bxc6 bxc6 16. Be5 Qf5 17. Bxh8 Kg8 18. Bc3 Bxf3 19. Qxf3 Qxc2 20. Qf6 Qh7
21. Qxc6 Bxf2+ 22. Kxf2 Qf5+ 23. Kg1 Rc8 24. Re8+ Rxe8 25. Qxe8+ Kh7 26. Qe5 1-0

[Event "XXV Miedzynarodowy Festiwal Szachowy w Poznaniu - OPEN A"]
[Site "Poznan"]
[Date "2017-08-27"]
[Round "9.46"]
[White "Lisiak, Rafal"]
[Black "Piechocki, Bronislaw"]
[Result "1-0"]
[WhiteTitle "II"]
[BlackTitle "II"]
[WhiteElo "1444"]
[BlackElo "1435"]

1. c3 Nf6 2. d4 g6 3. Nf3 Bg7 4. Bg5 O-O 5. e3 d6 6. Be2 c6 7. O-O Qc7 8. Nbd2
c5 9. Rc1 cxd4 10. cxd4 Qb6 11. Nc4 Qd8 12. Qb3 Nc6 13. h3 Be6 14. Qxb7 Qd7 15.
Qxd7 Bxd7 16. a3 h6 17. Bf4 g5 18. Bh2 Rab8 19. b4 Ne4 20. Nfd2 Nxd2 21. Nxd2
Nd8 22. Rc7 Rb7 23. Rfc1 Be6 24. Rxb7 Nxb7 25. Rc7 Nd8 26. Rxe7 Nc6 27. Rc7 Rc8
28. Rxc8+ Bxc8 29. Bxd6 f6 30. Bc4+ Kh7 31. Bc7 Kg6 32. b5 Ne7 33. b6 axb6 34.
Bxb6 Bd7 35. Bc5 Bf8 36. Bd3+ f5 37. Bc2 Kf6 38. a4 Bg7 39. a5 Bb5 40. Bb3 Bc6
41. a6 h5 42. a7 g4 43. hxg4 hxg4 44. Nc4 Nc8 45. Nd6 Nxd6 46. Bxd6 Bh6 47. Kf1
Kg6 48. g3 Bg7 49. Ke2 Bf6 50. Kd3 Bd8 51. Kc4 Bb6 52. Bc5 Bxa7 53. Bxa7 Be4 54.
Kc5 Kf6 55. Kd6 Bd3 56. Bd5 Bc2 57. Kc7 Bd3 58. Bc6 Bc4 59. d5 Ke5 60. Bd4+ Ke4
61. d6+ Kd3 62. d7 Ke2 63. d8=Q Kxf2 64. Be5 Be2 65. Qd2 Kf1 66. Bf4 1-0

[Event "XXV Miedzynarodowy Festiwal Szachowy w Poznaniu - OPEN A"]
[Site "Poznan"]
[Date "2017-08-27"]
[Round "9.47"]
[White "Nawrowski, Artur"]
[Black "Kabzinski, Jan"]
[Result "0-1"]
[WhiteTitle "IV"]
[BlackTitle "II"]
[WhiteElo "1024"]
[BlackElo "1433"]

1. d4 f5 2. Nf3 Nf6 3. c4 g6 4. Nc3 d6 5. Bg5 Bg7 6. e3 O-O 7. Qb3 c5 8. Be2 Nbd7
9. dxc5 Nxc5 10. Qc2 Nfe4 11. Nxe4 Nxe4 12. Rd1 h6 13. Bh4 g5 14. Bg3 Qb6 15.
O-O h5 16. h3 Nxg3 17. c5 Nxe2+ 18. Qxe2 dxc5 19. Nxg5 Qg6 20. Qc4+ Kh8 21. h4
b6 22. Qd5 Ba6 23. Rfe1 Rab8 24. Qd7 Bf6 25. Qe6 Bc8 26. Qc6 Rg8 27. Ne6 Bxe6
28. Qxe6 Qxg2# 0-1

[Event "XXV Miedzynarodowy Festiwal Szachowy w Poznaniu - OPEN A"]
[Site "Poznan"]
[Date "2017-08-27"]
[Round "9.48"]
[White "Gajewski, Zbigniew"]
[Black "Dopierala, Adam"]
[Result "1/2-1/2"]
[WhiteTitle "II"]
[BlackTitle "II"]
[WhiteElo "1347"]
[BlackElo "1059"]

1. e4 e5 2. Nf3 Nc6 3. d4 exd4 4. Nxd4 d6 5. Bc4 Nf6 6. Nc3 Be7 7. Nxc6 bxc6 8.
O-O Be6 9. Bxe6 fxe6 10. f4 O-O 11. Qf3 d5 12. e5 Nd7 13. Ne2 Nxe5 14. Qc3 Nc4
15. Qd3 Bc5+ 16. Kh1 Ne5 17. Qa6 Bb6 18. b3 Ng4 19. h3 Qh4 20. Bb2 Nf2+ 21. Kh2
Rf5 22. Qb7 Raf8 23. Qxc6 Qh6 24. Be5 Rh5 25. Qc3 Ng4+ 26. Kh1 Nxe5 27. fxe5 g5
28. Qg3 Rh4 29. Rxf8+ Kxf8 30. Rf1+ Kg8 31. Rf6 Qg7 32. Kh2 Rh6 33. Rxh6 Qxh6
34. Nf4 Kf7 35. Nd3 Qg6 36. Qg4 Qf5 37. Qh5+ Qg6 38. Qf3+ Qf5 39. Qh5+ Qg6 40.
Qf3+ Qf5 41. Qh5+ Qg6 1/2-1/2

[Event "XXV Miedzynarodowy Festiwal Szachowy w Poznaniu - OPEN A"]
[Site "Poznan"]
[Date "2017-08-27"]
[Round "9.49"]
[White "Drozdowicz, Ignacy"]
[Black "Walaszyk, Zbigniew"]
[Result "1/2-1/2"]
[WhiteTitle "III"]
[BlackTitle "III"]
[WhiteElo "1339"]
[BlackElo "1344"]

1. e4 c5 2. Nf3 d6 3. d4 cxd4 4. Nxd4 Nf6 5. Nc3 g6 6. Bb5+ Bd7 7. Bxd7+ Nbxd7
8. O-O e5 9. Nb3 Be7 10. Bh6 Rg8 11. Qe2 a6 12. Rad1 Rc8 13. Bg5 Kf8 14. Nd5 Kg7
15. Nxe7 Qxe7 16. c3 h6 17. Bc1 Rge8 18. h3 Qe6 19. Qe3 g5 20. Rfe1 Nc5 21. Nxc5
Rxc5 22. Qg3 Nh5 23. Qf3 Qg6 24. Rd3 Re6 25. Red1 Nf4 26. Bxf4 exf4 27. Rd5 b5
1/2-1/2

[Event "XXV Miedzynarodowy Festiwal Szachowy w Poznaniu - OPEN A"]
[Site "Poznan"]
[Date "2017-08-27"]
[Round "9.51"]
[White "Lapinski, Jerzy"]
[Black "Purczynski, Andrzej"]
[Result "1-0"]
[WhiteTitle "II"]
[BlackTitle "III"]
[WhiteElo "1280"]
[BlackElo "1243"]

1. d4 d5 2. c4 dxc4 3. Nc3 Bf5 4. e4 Bg6 5. Bxc4 e6 6. Nf3 Bb4 7. Bd3 Nc6 8. O-O
Nxd4 9. Nxd4 Qxd4 10. Bb5+ c6 11. Qxd4 Bxc3 12. Bxc6+ Kf8 13. Qxc3 1-0